zpět

Detail výsledku týmu

U Lucerny ČT, Brno

Datum a čas kvízu

36.5 Celkem bodů Celkový počet nahraných bodů na tomto kvízu bez doplňovacích otázek.
9. Pořadí na kvízu Konečné umístění týmu na tomto kvízu.

Zaznamenané odpovědi

# Otázka Odpověď Body Výsledky
1. Minulý týden zaplnily internet... A 1
2. V úterý přijali europoslanci p... USB-C, 2024 1
3. Minulý týden proběhlo internet... Bílý balet 0
4. Nobelovu cenu za fyziku letos... C) teleportace 1
5. V neděli proběhl již 132. roč... Mr Spex 0
6. Podívejme se nejprve na velblo... C 1
7. Přiřaďte správné výrazy k jeji... 1A 2D 3C 4B 1
8. Jeden známý biblický příměr ml... uchem jehly 1
9. Ve kterém filmu se objevuje uč... Čtyři vraždy stačí, drahoušku 1
10. Velblouda má ve znaku město Pl... husitům (sirotkům) 0